000 01175nam a22003497a 4500
001 4888156
003 OSt
005 20210426075753.0
008 930610s1993 nyu 000 1 eng
010 _a 93021912
020 _a0385311214 :
040 _aDLC
_cDLC
_dDLC
_dOCoLC
_dDLC
_beng
041 _aeng
043 _ae-uk---
050 0 0 _aPR6056.O45
_bD36 1993
080 _a821.111
_bF-72
082 0 0 _a823/.914
_220
100 1 _aFollett, Ken.
245 1 2 _aA dangerous fortune /
_cKen Follett.
_b/ by: Delacorte Press
260 _aNew York, N.Y.
_bDelacorte Press
_c1993.
300 _a533 p.
_c25 cm.
365 _b23.95 usd
650 0 _aUpper class
_xFiction.
650 0 _aEnglish literature
_9247
651 0 _aGreat Britain
_xFiction.
653 _aინგლისური ლიტერატურა
655 7 _aHistorical fiction.
_2gsafd
856 4 2 _3Publisher description
_uhttp://www.loc.gov/catdir/description/random047/93021912.html
906 _a7
_bcbc
_corignew
_d1
_eocip
_f19
_gy-gencatlg
942 _2udc
_cBK
999 _c1406
_d1406